000 01405nam a22003737a 4500
003 CHAP
005 20220329140729.0
008 971013s1963 r 00010 d
010 _a56695
011 _a57667
035 _a61822
040 _cCHAP
082 _a330.1
_bS22
100 0 0 _aSchneider, Erich.
_9103095
245 _aTeoría económica
250 _a4 ed.
260 _aMadrid :
_bAguilar,
_c1963
300 _a3 v. en 2 t.
505 _aContenido: v.1 Teoría de la circulación económica. -- v.2 Plano económico y equilibrio. -- v.3 Teoría del dinero y de la ocupación
590 _aBATCH-UPD
_b10
_c20130110
_lUCH01
_h0613
590 _aBATCH-UPD
_b10
_c20130410
_lUCH01
_h0255
590 _aBATCH-UPD
_b10
_c20130914
_lUCH01
_h1232
590 _aCONVERSION
_b10
_c20130109
_lUCH01
_h1330
650 1 4 _aEconomía.
_935226
901 _aBK
942 _cLIBRO
949 _a330.1 S22
_bBC
_cLIBRO
_d-154463
_eLIBRO
_fv.2 c.2
_i61822
_si
949 _a330.1 S22
_bBC
_cLIBRO
_d-154464
_eLIBRO
_fv.3
_i61822
_si
949 _a330.1 S22
_bBC
_cLIBRO
_d33724000314662
_eLIBRO
_fv.2
_i61822
_si
949 _a330.1 S22
_bBC
_cLIBRO
_d33724000314670
_eLIBRO
_fv.3 c.3
_i61822
_si
949 _a330.1 S22
_bBC
_cLIBRO
_d33724000314688
_eLIBRO
_fv.1 c.2
_i61822
_si
949 _a330.1 S22
_bBC
_cLIBRO
_d33724000314845
_eLIBRO
_fv.3 c.2
_i61822
_si
949 _a330.1 S22
_bBC
_cLIBRO
_d33724000314860
_eLIBRO
_fv.1
_i61822
_si
999 _c56695
_d56695